Enter a murderer /

Saved in:
Bibliografiske detaljer
Hovedforfatter: Marsh, Ngaio, 1895-1982
Format: Bog
Sprog:English
Udgivet: London : Bles, 1935.
LEADER 00714nam a2200205 a 4500
001 c000096600
003 CARM
005 00000000000000.0
008 950914r19351941enk 00001 eng d
019 1 |a 11850195  |5 LACONCORD2021 
035 |a (OCoLC)8715314  |5 LACONCORD2021 
040 |a VLINC  |c VLINC 
100 1 |a Marsh, Ngaio,  |d 1895-1982. 
245 1 0 |a Enter a murderer /  |c by Ngaio Marsh. 
260 |a London :  |b Bles,  |c 1935. 
300 |a 284 p. ;  |c 19 cm. 
852 8 |b CARM  |h A2:AG15H0  |i A00825  |p 0099702  |f BK 
082 0 4 |a 823.912  |2 20 
999 f f |i 7c9b4c91-89b0-5766-83d6-5ae0b6668a8d  |s 8428fff5-2026-50f7-99c5-46fba8dc8855 
952 f f |p Can circulate  |a CAVAL  |b CAVAL  |c CAVAL  |d CARM 1 Store  |e A00825  |f A2:AG15H0  |h Other scheme  |i book  |m 0099702